Alphabet grec ancien MAJUSCULES - prononciation - Statistiques

Statistiques générales
  • Ce quiz a été pris 17 fois
    5 depuis la dernière actualisation
  • Le résultat moyen est 23 sur 24
Statistiques - réponses
Par images Réponse % Correct
a
100%
b
100%
d
100%
é comme bébé
100%
è comme paix
100%
g
100%
i
100%
k
100%
l
100%
m
100%
n
100%
ô
100%
o
100%
p
100%
ps
100%
r
100%
t
100%
u
100%
z
100%
k
75%
ph | f
75%
ss
75%
th
75%
ks
50%
Aucun quiz correspondant
Distribution des résultats
% des personnes avec chaque résultat
Percentile par nombre de réponses
Votre historique - résultats
Vous n’avez pas pris ce quiz depuis la dernière actualisation